Normal view
MARC view
- Bagchi, H. Dr , Pal, D. K. Dr , Basu, S. K. Dr
Entry Personal Name
001 - CONTROL NUMBER
- control field: 68163
003 - CONTROL NUMBER IDENTIFIER
- control field: NUST
005 - DATE AND TIME OF LATEST TRANSACTION
- control field: 20210628204005.0
008 - FIXED-LENGTH DATA ELEMENTS
- fixed length control field: 210628|| aca||aabn | a|a d
040 ## - CATALOGING SOURCE
- Original cataloging agency: NUST
- Transcribing agency: NUST
100 ## - HEADING--PERSONAL NAME
- Personal name: Bagchi, H. Dr , Pal, D. K. Dr , Basu, S. K. Dr
670 ## - SOURCE DATA FOUND
- Source citation: Work cat.: (NUST): Bagchi, H. Dr , Pal, D. K. Dr , Basu, S. K. Dr, Operations research for engineers, 1989
